X-Men Films - Statistics

General Stats
  • This quiz has been taken 48 times
  • The average score is 9 of 12
Answer Stats
Year Released Film Title % Correct
2000 X-Men
97%
2017 Logan
87%
2013 The Wolverine
84%
2003 X2
84%
2011 X-Men: First Class
79%
2016 Deadpool
76%
2014 X-Men: Days of Future Past
76%
2009 X-Men Origins: Wolverine
76%
2018 Deadpool 2
74%
2019 Dark Phoenix
71%
2016 X-Men: Apocalypse
71%
2006 X-Men: The Last Stand
68%
No matching quizzes found
Score Distribution
Percent of People with Each Score
Percentile by Number Answered
Your Score History
You have not taken this quiz